<?xml version="1.0" encoding="UTF-8"?>
<collection xmlns="http://www.loc.gov/MARC21/slim">
    <record>
        <controlfield tag="001">65495</controlfield>
        <controlfield tag="005">20180219131716.0</controlfield>
        <datafield tag="037" ind1=" " ind2=" ">
            <subfield code="a">TAZ-TFG-2017-883</subfield>
        </datafield>
        <datafield tag="041" ind1=" " ind2=" ">
            <subfield code="a">spa</subfield>
        </datafield>
        <datafield tag="100" ind1="1" ind2=" ">
            <subfield code="a">Lahoz Montañés, Mario</subfield>
        </datafield>
        <datafield tag="242" ind1="0" ind2="0">
            <subfield code="a">Anterior cruciate ligament rupture with secondary inner meniscus tear. A clinical case.</subfield>
        </datafield>
        <datafield tag="245" ind1="0" ind2="0">
            <subfield code="a">Lesión compleja de ligamento cruzado anterior y menisco interno de la rodilla. Caso clínico.</subfield>
        </datafield>
        <datafield tag="260" ind1=" " ind2=" ">
            <subfield code="a">Zaragoza</subfield>
            <subfield code="b">Universidad de Zaragoza</subfield>
            <subfield code="c">2017</subfield>
        </datafield>
        <datafield tag="506" ind1=" " ind2=" ">
            <subfield code="a">by-nc-sa</subfield>
            <subfield code="b">Creative Commons</subfield>
            <subfield code="c">3.0</subfield>
            <subfield code="u">http://creativecommons.org/licenses/by-nc-sa/3.0/</subfield>
        </datafield>
        <datafield tag="520" ind1=" " ind2=" ">
            <subfield code="a">Introducción: la rodilla es una de las articulaciones más complejas del cuerpo humano debido su diseño. Sin embargo, la debilidad del acoplamiento de las superficies, condición necesaria para una buena movilidad, expone esta articulación a numerosas lesiones ya que soporta tensiones y cargas máximas.  Metodología: para realizar este estudio se va a presentar un caso clínico con sus diferentes pruebas de imagen. Resultados: el paciente presenta una ruptura del ligamento cruzado anterior y del menisco interno. Además sufre una complicación postoperatoria en forma de úlcera en el cóndilo femoral interno. Discusión: se van a comparar las técnicas utilizadas en el paciente a estudio con las disponibles en momento actual, de manera que se argumentará porqué se toma cada decisión terapéutica dentro de todas las que hay disponibles. Conclusiones: el tratamiento de estas lesiones es individualizado ya que hay que valorar en el paciente la edad, las lesiones, estilo de vida y las necesidades de su articulación. Palabras clave: ligamento, menisco, úlcera y caso clínico</subfield>
        </datafield>
        <datafield tag="521" ind1=" " ind2=" ">
            <subfield code="a">Graduado en Medicina</subfield>
        </datafield>
        <datafield tag="540" ind1=" " ind2=" ">
            <subfield code="a">Derechos regulados por licencia Creative Commons</subfield>
        </datafield>
        <datafield tag="700" ind1=" " ind2=" ">
            <subfield code="a">Lahoz Gimeno, Manuel</subfield>
            <subfield code="e">dir.</subfield>
        </datafield>
        <datafield tag="710" ind1="2" ind2=" ">
            <subfield code="a">Universidad de Zaragoza</subfield>
            <subfield code="b">Anatomía e Histología Humanas</subfield>
            <subfield code="c">Anatomía y Embriología Humana</subfield>
        </datafield>
        <datafield tag="856" ind1="0" ind2=" ">
            <subfield code="f">650264@celes.unizar.es</subfield>
        </datafield>
        <datafield tag="856" ind1="4" ind2=" ">
            <subfield code="s">2169807</subfield>
            <subfield code="u">http://zaguan.unizar.es/record/65495/files/TAZ-TFG-2017-883.pdf</subfield>
            <subfield code="y">Memoria (spa)</subfield>
        </datafield>
        <datafield tag="909" ind1="C" ind2="O">
            <subfield code="o">oai:zaguan.unizar.es:65495</subfield>
            <subfield code="p">driver</subfield>
            <subfield code="p">trabajos-fin-grado</subfield>
        </datafield>
        <datafield tag="950" ind1=" " ind2=" ">
            <subfield code="a"></subfield>
        </datafield>
        <datafield tag="951" ind1=" " ind2=" ">
            <subfield code="a">deposita:2018-02-17</subfield>
        </datafield>
        <datafield tag="980" ind1=" " ind2=" ">
            <subfield code="a">TAZ</subfield>
            <subfield code="b">TFG</subfield>
            <subfield code="c">MED</subfield>
        </datafield>
    </record>

    
</collection>